[Event "Kaltern op 5th"]
[Site "Kaltern"]
[Date "2022.10.23"]
[Round "5"]
[White "Niederstatter, Harald"]
[Black "Haller, Quentin"]
[Result "1/2-1/2"]
[WhiteElo "1904"]
[BlackElo "2095"]
[PlyCount "120"]
[EventDate "2022.10.21"]
[EventType "swiss"]
[EventRounds "5"]
[EventCountry "ITA"]
[SourceTitle "EXT 2024"]
[Source "ChessBase"]
[SourceDate "2023.10.10"]
[SourceVersion "1"]
[SourceVersionDate "2023.10.10"]
[SourceQuality "1"]

1. d4 c5 2. c3 e6 3. Bf4 Qb6 4. Qc2 Nc6 5. e3 Nf6 6. Nd2 d5 7. Ngf3 Bd7 8. Rd1 cxd4 9. exd4 Be7 10. Ne5 Rc8 11. Nxd7 Nxd7 12. Qb3 Na5 13. Qa4 Nc6 14. Rb1 0-0 15. Bd3 e5 16. Bf5 exf4 17. Bxd7 Rc7 18. Bf5 Bd6 19. 0-0 Re7 20. Qb3 Qxb3 21. axb3 a6 22. Rfe1 Rd8 23. b4 b6 24. Rxe7 Bxe7 25. Bc2 a5 26. Ba4 Rc8 27. Bxc6 Rxc6 28. bxa5 bxa5 29. Kf1 g5 30. Ra1 Rb6 31. Rxa5 Rxb2 32. Ke2 f3+ 33. gxf3 Bd6 34. Ra1 Bxh2 35. Ke1 Bf4 36. Nf1 Rb3 37. Ne3 Bxe3 38. fxe3 Rxc3 39. Kd2 Rc7 40. Kd3 Kg7 41. Ra5 Rd7 42. e4 dxe4+ 43. fxe4 f6 44. e5 fxe5 45. Rxe5 Kf6 46. Ra5 h5 47. Ke4 Re7+ 48. Kf3 Re6 49. Ra8 Kf5 50. Rf8+ Rf6 51. Re8 g4+ 52. Kg3 Kg5 53. Rg8+ Rg6 54. Rh8 Rd6 55. Rg8+ Kh6 56. Kh4 Rxd4 57. Rh8+ Kg6 58. Rg8+ Kf5 59. Kxh5 Rf4 60. Rg5+ Ke4 1/2-1/2

[Event "Lignano Bella Italia op 1st"]
[Site "Lignano Sabbiadoro"]
[Date "2022.08.22"]
[Round "8"]
[White "Haller, Quentin"]
[Black "Cristiani, Cesare"]
[Result "0-1"]
[WhiteElo "1995"]
[BlackElo "2006"]
[PlyCount "98"]
[EventDate "2022.08.18"]
[EventType "swiss"]
[EventRounds "9"]
[EventCountry "ITA"]
[SourceTitle "CBM 210 Extra"]
[Source "ChessBase"]
[SourceDate "2022.11.30"]
[SourceVersion "1"]
[SourceVersionDate "2022.11.30"]
[SourceQuality "1"]

1. d4 Nf6 2. Bg5 c5 3. Bxf6 gxf6 4. d5 Qb6 5. Qc1 f5 6. c4 Bg7 7. Nc3 d6 8. e3 Nd7 9. Nf3 Ne5 10. Qc2 Bd7 11. Nxe5 Bxe5 12. f4 Bf6 13. Bd3 e6 14. 0-0-0 Qa5 15. e4 Bxc3 16. Qxc3 Qxc3+ 17. bxc3 fxe4 18. Bxe4 0-0-0 19. dxe6 Bxe6 20. Bd5 Kc7 21. Rhe1 Rhe8 22. h3 Bxd5 23. cxd5 b5 24. g4 c4 25. g5 Kb6 26. h4 Kc5 27. h5 a5 28. a3 b4 29. axb4+ axb4 30. cxb4+ Kxb4 31. Kc2 Kc5 32. f5 Rxe1 33. Rxe1 Kxd5 34. Re7 Rg8 35. Rxf7 Rxg5 36. h6 Kd4 37. Rxh7 Rxf5 38. Rg7 Rf2+ 39. Kd1 Rh2 40. h7 d5 41. Rg4+ Kc5 42. Rg7 c3 43. Ke1 Kc4 44. Kd1 d4 45. Rf7 Rh1+ 46. Ke2 d3+ 47. Ke3 d2 48. Rd7 Kb3 49. Ke2 Kc2 0-1

[Event "Padova del Santo op-B 7th"]
[Site "Padova"]
[Date "2020.02.22"]
[Round "2.11"]
[White "Haller, Quentin"]
[Black "Magnabosco, Mauro Denis"]
[Result "1/2-1/2"]
[WhiteElo "1849"]
[BlackElo "1711"]
[PlyCount "60"]
[EventDate "2020.02.21"]
[EventType "swiss"]
[EventRounds "3"]
[EventCountry "ITA"]
[SourceTitle "EXT 2024"]
[Source "ChessBase"]
[SourceDate "2023.10.10"]
[SourceVersion "1"]
[SourceVersionDate "2023.10.10"]
[SourceQuality "1"]

1. d4 Nf6 2. Bf4 e6 3. e3 b6 4. Nf3 Bb7 5. Nbd2 Be7 6. h3 d6 7. Be2 Nbd7 8. c3 a6 9. Bh2 c5 10. Qb3 b5 11. a4 0-0 12. axb5 axb5 13. 0-0 Bd5 14. Qxb5 Rb8 15. Qa6 Rxb2 16. Rfb1 Rxb1+ 17. Rxb1 Qa8 18. Ra1 Qxa6 19. Rxa6 Ra8 20. Rxa8+ Bxa8 21. Ne1 d5 22. c4 cxd4 23. exd4 dxc4 24. Nxc4 Bd5 25. Ne3 Bb4 26. N1c2 Bc3 27. Bc4 Nb6 28. Bxd5 Nbxd5 29. Be5 Nxe3 30. fxe3 Nd7 1/2-1/2

[Event "ITA-ch U16"]
[Site "Salsomaggiore Terme"]
[Date "2019.07.10"]
[Round "5"]
[White "Kacani, Kirk"]
[Black "Haller, Quentin"]
[Result "1-0"]
[WhiteElo "2103"]
[BlackElo "1794"]
[PlyCount "77"]
[EventDate "2019.07.07"]
[EventType "swiss"]
[EventRounds "9"]
[EventCountry "ITA"]
[SourceTitle "EXT 2020"]
[Source "ChessBase"]
[SourceDate "2019.10.17"]
[SourceVersion "1"]
[SourceVersionDate "2019.10.17"]
[SourceQuality "1"]

1. Nf3 d5 2. c4 d4 3. e3 dxe3 4. fxe3 Nf6 5. d4 c5 6. Nc3 Bg4 7. Qa4+ Qd7 8. Qxd7+ Nfxd7 9. Nb5 Na6 10. Be2 e6 11. 0-0 Be7 12. b3 0-0 13. a3 Bf6 14. Bb2 cxd4 15. exd4 Ndc5 16. dxc5 Bxb2 17. Rab1 Bf6 18. b4 e5 19. h3 Bh5 20. g4 Bg6 21. Rbd1 e4 22. Nfd4 Rad8 23. Nf5 Bxf5 24. Rxf5 Nb8 25. Rfd5 Nc6 26. Rxd8 Rxd8 27. Rxd8+ Bxd8 28. Nd6 a5 29. Nxb7 axb4 30. axb4 Be7 31. b5 Nd4 32. Bd1 e3 33. Kf1 Bh4 34. c6 Bg3 35. Be2 g6 36. c5 f5 37. gxf5 gxf5 38. Nd6 Ne6 39. Bc4 1-0

[Event "Innsbruck op-B 2nd"]
[Site "Innsbruck"]
[Date "2018.08.31"]
[Round "8"]
[White "Haller, Quentin"]
[Black "Kimpel, Janine"]
[Result "1-0"]
[WhiteElo "1594"]
[BlackElo "1893"]
[PlyCount "75"]
[EventDate "2018.08.24"]
[EventType "swiss"]
[EventRounds "9"]
[EventCountry "AUT"]
[SourceTitle "CBM 186 Extra"]
[Source "ChessBase"]
[SourceDate "2018.08.24"]
[SourceVersion "1"]
[SourceVersionDate "2018.08.24"]
[SourceQuality "1"]

1. d4 Nf6 2. Bf4 e6 3. Nf3 c5 4. c3 Nc6 5. e3 d5 6. Nbd2 Bd6 7. Bg3 0-0 8. Be2 Qe7 9. 0-0 Bxg3 10. hxg3 e5 11. dxe5 Nxe5 12. Nxe5 Qxe5 13. Nf3 Qc7 14. Qc2 h6 15. Rfd1 Be6 16. c4 Rad8 17. Rac1 b6 18. a3 Rd7 19. cxd5 Nxd5 20. Rd2 Qb8 21. Rcd1 Nf6 22. Bb5 Rxd2 23. Qxd2 Ne4 24. Qc2 Bf5 25. Bd3 Rd8 26. Nh4 Rxd3 27. Qxd3 Qe5 28. Nxf5 Qxf5 29. f3 Nxg3 30. Qxf5 Nxf5 31. Kf2 a6 32. Rd8+ Kh7 33. Rb8 Nd6 34. Rxb6 Nc4 35. Rb7 f6 36. b4 Nxa3 37. bxc5 Nc4 38. c6 1-0

[Event "Innsbruck op-B 2nd"]
[Site "Innsbruck"]
[Date "2018.08.26"]
[Round "3"]
[White "Unger, Eva"]
[Black "Haller, Quentin"]
[Result "0-1"]
[WhiteElo "1746"]
[BlackElo "1594"]
[PlyCount "144"]
[EventDate "2018.08.24"]
[EventType "swiss"]
[EventRounds "9"]
[EventCountry "AUT"]
[SourceTitle "CBM 186 Extra"]
[Source "ChessBase"]
[SourceDate "2018.08.24"]
[SourceVersion "1"]
[SourceVersionDate "2018.08.24"]
[SourceQuality "1"]

1. d4 Nf6 2. c4 c6 3. Nc3 d5 4. e3 Bf5 5. Bd3 Bg6 6. Bxg6 hxg6 7. cxd5 Nxd5 8. Nf3 e6 9. Bd2 Bd6 10. e4 Nb6 11. e5 Be7 12. Qb3 Na6 13. a3 Nc7 14. Ne4 Qd5 15. Qc2 Na6 16. Rc1 Rc8 17. Nc3 Qd8 18. Ne2 Nd5 19. Qe4 Nac7 20. Qg4 Kd7 21. Qe4 Rh7 22. h3 Rh8 23. Nc3 Ke8 24. Qg4 Rh5 25. Ne4 Qd7 26. Nc5 Bxc5 27. Rxc5 Ne7 28. Qe4 Rd8 29. g4 Rh8 30. a4 Ncd5 31. Bg5 Qc7 32. Bd2 Qb6 33. Qc2 Nb4 34. Qc4 Ned5 35. a5 Nd3+ 36. Qxd3 Qxb2 37. Qc2 Qxc2 38. Rxc2 Nc7 39. Be3 Ke7 40. h4 Rd5 41. Bd2 Nb5 42. Bb4+ Kd7 43. Rc5 Rxc5 44. Bxc5 Kc7 45. Kd2 Rd8 46. Ke3 b6 47. axb6+ axb6 48. Bb4 Rd5 49. Rc1 Kb7 50. g5 Nxd4 51. Nxd4 c5 52. Nxe6 Rxe5+ 53. Kf4 Rxe6 54. Bc3 b5 55. Bxg7 c4 56. Bd4 Kc6 57. Rb1 Re2 58. Kf3 Re8 59. Be3 Rd8 60. Ke4 Rd7 61. Bd4 Re7+ 62. Be5 Kc5 63. Rd1 c3 64. Kf4 Kc4 65. Rc1 b4 66. Ke4 Rxe5+ 67. Kxe5 b3 68. Rd1 c2 69. Rd8 Kc3 70. Ke4 c1Q 71. Rc8+ Kb2 72. Rxc1 Kxc1 0-1

[Event "Treviso op-C 1st"]
[Site "Treviso"]
[Date "2017.03.18"]
[Round "2.7"]
[White "Romito, Donato"]
[Black "Haller, Quentin"]
[Result "1/2-1/2"]
[WhiteElo "1734"]
[BlackElo "1557"]
[PlyCount "110"]
[EventDate "2017.03.17"]
[EventType "swiss"]
[EventRounds "5"]
[EventCountry "ITA"]
[SourceTitle "EXT 2024"]
[Source "ChessBase"]
[SourceDate "2023.10.10"]
[SourceVersion "1"]
[SourceVersionDate "2023.10.10"]
[SourceQuality "1"]

1. d4 Nf6 2. Nf3 d5 3. Bg5 Bf5 4. Nbd2 e6 5. e3 a6 6. c4 c6 7. Qb3 b5 8. c5 Nbd7 9. Be2 Be7 10. h3 Ne4 11. Bf4 h6 12. Nxe4 Bxe4 13. 0-0 0-0 14. Nd2 Bh7 15. Qc3 Qc8 16. b4 Qb7 17. Rfc1 Rfc8 18. Nb3 Bd8 19. Bd6 Nf6 20. f3 Kh8 21. Bd3 Qd7 22. Bxh7 Kxh7 23. Qd3+ Kg8 24. e4 Bc7 25. e5 Nh7 26. f4 f5 27. Rc2 Ra7 28. Kh2 Kf7 29. Qf3 g6 30. g4 Bd8 31. Re2 Qe8 32. gxf5 exf5 33. Rg1 Ke6 34. Reg2 Rg7 35. Nd2 Be7 36. Nf1 Qf7 37. Ng3 Rcg8 38. Qa3 Ra8 39. Qd3 Rag8 40. a4 Bh4 41. axb5 Bxg3+ 42. Rxg3 axb5 43. Qa3 g5 44. fxg5 Rxg5 45. Qe3 f4 46. Rxg5 fxe3 47. Rxg8 Ng5 48. Rf8 Qh5 49. Rf6+ Kd7 50. Rxg5 hxg5 51. e6+ Kc8 52. Rf8+ Kb7 53. e7 Qe2+ 54. Kh1 Qe1+ 55. Kg2 Qe2+ 1/2-1/2

[Event "Caldaro Puntay op-B 1st"]
[Site "Caldaro"]
[Date "2016.10.22"]
[Round "3"]
[White "Haller, Quentin"]
[Black "Maier, Felix"]
[Result "1/2-1/2"]
[WhiteElo "1594"]
[BlackElo "1415"]
[PlyCount "42"]
[EventDate "2016.10.21"]
[EventType "swiss"]
[EventRounds "5"]
[EventCountry "ITA"]
[SourceTitle "EXT 2018"]
[Source "ChessBase"]
[SourceDate "2017.10.13"]
[SourceVersion "1"]
[SourceVersionDate "2017.10.13"]
[SourceQuality "1"]

1. d4 Nf6 2. c4 c5 3. d5 b5 4. cxb5 a6 5. bxa6 Bxa6 6. Nc3 g6 7. Nf3 Bg7 8. e4 d6 9. Bxa6 Nxa6 10. a3 Qb6 11. Qa4+ Nd7 12. Qc4 0-0 13. 0-0 Rfb8 14. Rb1 Qb7 15. Bf4 Nb6 16. Qd3 Nc7 17. Rfd1 Na4 18. Nxa4 Rxa4 19. b4 cxb4 20. axb4 Rxb4 21. Nd2 Qa6 1/2-1/2

[Event "Crema op-B 17th"]
[Site "Crema"]
[Date "2016.09.04"]
[Round "6"]
[White "Haller, Quentin"]
[Black "Oteri, Aldo"]
[Result "1/2-1/2"]
[WhiteElo "1561"]
[BlackElo "1803"]
[PlyCount "77"]
[EventDate "2016.09.02"]
[EventType "swiss"]
[EventRounds "6"]
[EventCountry "ITA"]
[SourceTitle "EXT 2018"]
[Source "ChessBase"]
[SourceDate "2017.10.13"]
[SourceVersion "1"]
[SourceVersionDate "2017.10.13"]
[SourceQuality "1"]

1. d4 Nf6 2. c4 e6 3. Nc3 Bb4 4. Bg5 0-0 5. e4 h6 6. Bxf6 Qxf6 7. Nf3 c5 8. Be2 cxd4 9. Qxd4 Qxd4 10. Nxd4 e5 11. Ndb5 Bxc3+ 12. Nxc3 Nc6 13. Bg4 d6 14. Bxc8 Raxc8 15. Nd5 Rfe8 16. Ke2 Ne7 17. Rac1 Nxd5 18. cxd5 g6 19. g4 Kg7 20. h4 f5 21. gxf5 gxf5 22. Ke3 fxe4 23. Kxe4 Kf6 24. Rhg1 Rxc1 25. Rxc1 Re7 26. Rc3 Kg6 27. Rc1 Kh5 28. Kf5 e4 29. Rd1 Rf7+ 30. Ke6 Rxf2 31. Kxd6 e3 32. Re1 Rxb2 33. Rxe3 Rxa2 34. Ke7 Rd2 35. d6 Kxh4 36. d7 Kg4 37. d8Q Rxd8 38. Kxd8 h5 39. Re7 1/2-1/2

[Event "Crema op-B 17th"]
[Site "Crema"]
[Date "2016.09.03"]
[Round "3"]
[White "Pisani, Valerio"]
[Black "Haller, Quentin"]
[Result "1/2-1/2"]
[WhiteElo "1710"]
[BlackElo "1561"]
[PlyCount "142"]
[EventDate "2016.09.02"]
[EventType "swiss"]
[EventRounds "6"]
[EventCountry "ITA"]
[SourceTitle "EXT 2018"]
[Source "ChessBase"]
[SourceDate "2017.10.13"]
[SourceVersion "1"]
[SourceVersionDate "2017.10.13"]
[SourceQuality "1"]

1. e4 Nc6 2. d4 d5 3. e5 Bf5 4. Nf3 e6 5. Be2 Nge7 6. Bg5 Qd7 7. c3 Nc8 8. Nbd2 Be7 9. Be3 Nb6 10. 0-0 0-0 11. b4 a5 12. b5 Na7 13. a4 c6 14. Qb3 Rab8 15. Rfc1 Rfc8 16. h3 c5 17. g4 Bg6 18. h4 h6 19. g5 h5 20. Nh2 cxd4 21. Bxd4 Bc5 22. Qd1 Bf5 23. Bxh5 g6 24. Bg4 Bxd4 25. cxd4 Rxc1 26. Rxc1 Rc8 27. Rc5 Qe7 28. Bxf5 exf5 29. Rxc8+ Naxc8 30. Qb3 Qc7 31. Nhf3 Ne7 32. Kf1 Kf8 33. Ne1 Qc1 34. Ke2 Qa1 35. Nc2 Qxa4 36. Qxa4 Nxa4 37. Kd3 Nb6 38. Nb3 Nc4 39. Kc3 b6 40. Nd2 Nxd2 41. Kxd2 Ke8 42. f4 Kd7 43. Kc3 Ke8 44. Kb3 Kf8 45. Ka4 Kg7 46. Na1 Kf8 47. Nb3 Ke8 48. Nxa5 bxa5 49. Kxa5 Kd7 50. Kb6 Kc8 51. Kc5 Kc7 52. b6+ Kb7 53. Kd6 Nc8+ 54. Kxd5 Kxb6 55. e6 fxe6+ 56. Kxe6 Kc7 57. Kf6 Kd6 58. Kxg6 Ne7+ 59. Kf6 Nd5+ 60. Kxf5 Ke7 61. h5 Kf7 62. Ke4 Ne7 63. f5 Nc6 64. h6 Nd8 65. g6+ Kf6 66. h7 Kg7 67. f6+ Kh8 68. Kd5 Ne6 69. f7 Nf8 70. Ke5 Nxg6+ 71. Kf6 Kxh7 1/2-1/2

[Event "Olbia CIG U16 24th"]
[Site "Olbia"]
[Date "2016.06.27"]
[Round "3"]
[White "Buonanno, Raffaele"]
[Black "Haller, Quentin"]
[Result "0-1"]
[WhiteElo "1992"]
[BlackElo "1534"]
[PlyCount "116"]
[EventDate "2016.06.26"]
[EventType "swiss"]
[EventRounds "9"]
[EventCountry "ITA"]
[SourceTitle "EXT 2024"]
[Source "ChessBase"]
[SourceDate "2023.10.10"]
[SourceVersion "1"]
[SourceVersionDate "2023.10.10"]
[SourceQuality "1"]

1. d4 Nf6 2. c4 c6 3. Nc3 d5 4. cxd5 cxd5 5. Bf4 Nc6 6. e3 a6 7. Bd3 Bd7 8. Nf3 e6 9. 0-0 Be7 10. h3 0-0 11. Rc1 Rc8 12. a3 b5 13. Ne5 Na5 14. Qe2 Nc4 15. a4 b4 16. Nb1 Bxa4 17. Nxc4 dxc4 18. Bxc4 a5 19. Bb5 Bb3 20. Nd2 Bd5 21. Ba6 Rxc1 22. Rxc1 Bd6 23. Bxd6 Qxd6 24. e4 Nxe4 25. Nxe4 Bxe4 26. Qc4 Qd5 27. Qxd5 Bxd5 28. f3 g6 29. Kf2 Ra8 30. Bb5 Rb8 31. Ba4 b3 32. Ke3 Rb4 33. Bc6 Bc4 34. Ra1 Rb6 35. Be4 f5 36. Ba8 Ra6 37. Bb7 Rb6 38. Ba8 Ra6 39. Bb7 Rb6 40. Bc8 Rc6 41. Bd7 Rc7 42. Ba4 Bd5 43. Rd1 Rc2 44. Rd2 Rc7 45. g3 Rb7 46. Rd1 Rb4 47. Bd7 Rb7 48. Bc8 Rc7 49. Ba6 Rc2 50. Rb1 a4 51. h4 a3 52. bxa3 Ra2 53. Bd3 Rxa3 54. f4 Ra7 55. Be2 Rc7 56. Bd3 Rc3 57. Kd2 Rxd3+ 58. Kxd3 Be4+ 0-1